000 00566nam a2200193Ia 4500
005 20260114185608.0
008 008 260114s9999 xx 000 0 eng d
020 _a9781474272865
037 _aEBOOK
040 _aCRL
_beng
_cCRL
041 _aeng
_2eng
084 _qCRL
100 _aW. J. Berridge
_9872009
245 0 _aIslamism in the Modern World A Historical Approach
260 _bBloomsbury
_c2018
856 _uhttps://doi.org/10.5040/9781474272865?locatt=label:secondary_bloomsburyCollections
942 _cEBOOK
999 _c1470957
_d1470957